NCAA Institutions in California - Statistics

General Stats
  • This quiz has been taken 40 times
  • The average score is 28 of 56
Answer Stats
Conference School Team Name % Correct
Division I ACC California-Berkeley Golden Bears
100%
Division I Big Ten California-Los Angeles Bruins
100%
Division I Mountain West San Diego State Aztecs
100%
Division I Big Ten Southern California Trojans
96%
Division I ACC Stanford Cardinal
96%
Division I Mountain West California State-Fresno Bulldogs
93%
Division I Mountain West San Jose State Spartans
93%
Division I Big Sky California State-Sacramento Hornets
89%
Division I West Coast San Diego Toreros
89%
Division I Big West California-Irvine Anteaters
85%
Division I West Coast San Francisco Dons
85%
Division I Big West California-Davis Aggies
81%
Division I Big West California-Santa Barbara Gauchos
81%
Division I Big West California Polytechnic State Mustangs
78%
Division I West Coast Pepperdine Waves
78%
Division I Big West California-San Diego Tritons
70%
Division I Big West Long Beach State Beach
70%
Division I Big West California State-Fullerton Titans
67%
Division I Big West California-Riverside Highlanders
63%
Division I West Coast Santa Clara Broncos
59%
Division III Coast-to-Coast California-Santa Cruz Banana Slugs
56%
Division I Big West California State-Bakersfield Roadrunners
56%
Division III Southern California California Institute of Technology Beavers
52%
Division I West Coast Loyola Marymount Lions
52%
Division I West Coast Saint Mary's Gaels
52%
Division I West Coast Pacific Tigers
48%
Division II CCAA San Francisco State Gators
44%
Division I WAC California Baptist Lancers
41%
Division II CCAA California State-Chico Wildcats
41%
Division I Big West California State-Northridge Matadors
41%
Division III Southern California Claremont McKenna/Harvey Mudd/Scripps Stags
37%
Division III Southern California Pomona/Pitzer Sagehens
37%
Division II CCAA California State-Dominguez Hills Toros
33%
Division II CCAA California State Polytechnic-Pomona Broncos
33%
Division II PacWest Biola Eagles
30%
Division II CCAA California State-East Bay Pioneers
30%
Division II CCAA California State-Los Angeles Golden Eagles
30%
Division III Southern California Occidental Tigers
30%
Division II CCAA California State-Monterey Bay Otters
26%
Division II CCAA California State Polytechnic-Humboldt Lumberjacks
26%
Division II CCAA California State-San Bernardino Coyotes
26%
Division III Southern California Chapman Panthers
26%
Division II PacWest Point Loma Nazarene Sea Lions
26%
Division II PacWest Azusa Pacific Cougars
22%
Division II CCAA California State-San Marcos Cougars
22%
Division III Southern California La Verne Leopards
22%
Division III Southern California Whittier Poets
22%
Division III Southern California California Lutheran Kingsmen
19%
Division II PacWest Concordia Irvine Eagles
19%
Division II PacWest Dominican Penguins
19%
Division II PacWest Fresno Pacific Sunbirds
19%
Division III Southern California Redlands Bulldogs
19%
Division II CCAA Sonoma State Seawolves
19%
Division II CCAA California State-Stanislaus Warriors
15%
Division II PacWest Westmont Warriors
15%
Division II PacWest Academy of Art Knights
11%
No matching quizzes found
Score Distribution
Percent of People with Each Score
Percentile by Number Answered
Your Score History
You have not taken this quiz